000 008290am a2200253 004500
003 EG-GiCUC
008 070306m19169999ua g 000 0cara d
040 _aEG-GiCUC
_bara
_cEG-GiCUC
043 _af-ua---
050 4 _aDT76
_bZ2 1916
092 0 4 _a962.0099
_bZ217
_221
099 _a04
_a962.0099 Z217
100 1 _aزخورا : الياس
245 1 5 _aكتاب مرآة العصر فى تاريخ ورسوم اكابر الرجال لمصر /
_cالياس زاخورا
260 _aالقاهرة :
_bا.زخورا :
_c1916-
300 _aمج ؛
_c24سم
500 _aنسخة مصورة
590 _aتقتنى المكتبة فقط المجلد الثانى
651 7 _aمصر
_xتراجم
_2qrmak
902 _a1
905 _aبلتاجى
_eمراجع
905 _aجمال
_eمدخل
942 _2ddc
_cBK
999 _c93052
_d93052